000 00693nam a22002177a 4500
003 UA-OsUOA
001 88578
007 ta
008 20121009b un ||||| |||| 00| 0 ukr d
100 _aКоргунюк Ю.Г.
090 _a32
_bК66
942 _cSA
040 _aUA-OsUOA
_bukr
_cUA-OsUOA
_dUA-OsUOA
245 _aСтруктура электоральных размежеваний в избирательном цикле 2011-2012 годов и возможные сценарии развития ситуации
300 _aС.84-100
955 _a0
041 _aukr
080 _a32
773 0 _w88576
_tПолития
_dМ.
_d2012
_g3
650 7 _a32 Політика
_2UDC
999 _c374559
_d374559